000 00265nam a2200109Ia 4500
005 20251222153623.0
008 251222s9999||||xx |||||||||||||| ||spa||
082 _a869.569/V23H
100 _a"Vallejo, César"
245 0 _aLos heraldos negros - Trilce
942 _cLIB
999 _c32046
_d32046